| 000 | 01236nam a2200325 i 4500 | ||
|---|---|---|---|
| 001 | 000039062 | ||
| 003 | DO-SdBNP | ||
| 005 | 20240403152408.0 | ||
| 006 | a||||gr|||| 00| 0 | ||
| 007 | ta | ||
| 008 | 130517s1989 dr 000 0 spa d | ||
| 040 |
_aDO-SdBNP _bspa _cBNPHU |
||
| 082 | 4 |
_222 _bR426c |
|
| 110 | 1 |
_aRepública Dominicana _9447 |
|
| 240 | 0 | _a[Leyes, etc.] | |
| 245 | 1 | 0 | _aCódigo de comercio de la República Dominicana. |
| 250 | _aedición corregida y actualizada | ||
| 264 |
_aSanto Domingo : _bTiempo, _c1989 |
||
| 300 |
_a164 páginas : _bIlustraciones, facsímil ; _c22 cm. |
||
| 336 |
_2rdacontent _atexto _btxt |
||
| 337 |
_2rdamedia _asin mediación _bn |
||
| 338 |
_2rdacarrier _avolumen _bnc |
||
| 490 |
_aTextos Legislativos ; _v5 |
||
| 500 | _aLa presente publicación es un facsímil de la edición oficial del código de comercio, corregida, actualizada y realizada de acuerdo con las disposiciones de la ley no. 32-86 de derecho del autor. | ||
| 500 | _aIncluye bibliografía y notas al pie de las páginas | ||
| 500 | _aIncluye tabla alfabética de materias | ||
| 590 | _aInventariado 2023 / MF | ||
| 650 | 4 |
_910077 _aDerecho Comercial _xLegislación _zRepública Dominicana |
|
| 942 |
_2ddc _cLBS1 |
||
| 999 |
_c38552 _d38552 |
||